01601nam a2200397 i 450000100060000000300020000600500170000800600190002500700150004400800410005902000360010003500220013604000310015805000250018908000180021408200160023224501180024826400860036630000410045233600310049333700330052433800430055749000400060058800680064059001620070865000550087065000240092565000250094965500250097470000400099979700180103983000410105785600770109894200110117599900170118675346020241217151212.0m o d | cr cnu||||||||190415s2018 sp o 000 0 spa d a9788416978960q(electronic bk.) a(OCoLC)1105537301 aFINmELBbspaerdacFINmELB 4aTK7868.D5bP921 2018 a621.38.037.370 a621.38122300aPrácticas de laboratorio de sistemas electrónicos digitales /cJuan Jesús García Domínguez [y otros 5]. 1aAlcalá de Henares :bServicio de Publicaciones. Universidad de Alcalá,c2018. a1 recurso en línea (148 páginas) atextobtxt2rdacontent/spa acomputadorabc2rdamedia/spa arecurso en líneabcr2rdacarrier/spa1 aTextos universitarios. Tecnología aDescripción basada en el editor de metadatos y otras fuentes. aRecurso electrónico. Santa Fe, Arg.: elibro, 2019. Disponible vía World Wide Web. El acceso puede estar limitado para las bibliotecas afiliadas a elibro. 4aElectrónica digitalvPrácticas de laboratorio. 4aSistemas digitales. 0aDigital electronics. 4aLibros electronicos.1 aGarcía Domínguez, Juan Jesús.2 aelibro, Corp. 0aTextos universitarios. Tecnología.40uhttps://elibro.net/ereader/politecnicointernacional/44927zClick to View cLIBROS c75346d75346